LEADER 01077nam0 2200313 450 001 000037313 005 20140709085257.0 010 $a88-06-11554-5 100 $a20140709d1989----km-y0itaa50------ba 101 0 $aita 102 $aIT 200 1 $aControcorrente$d(A rebours)$fJoris-Karl Huysmans$gtraduzione di Giampiero Posani. Postfazione di Ivos Margoni 210 $aTorino$cEinaudi$d1989 215 $a264 p.$d20 cm 225 2 $a<> struzzi$v367 410 0$12001$a<> struzzi$v367 500 1 $a<> rebours$923828 676 $a843.8$v(22. ed.)$9Narrativa francese. 1848-1899 700 1$aHuysmans,$bJoris-Karl$0160346 702 1$aPosani,$bGiampiero 702 1$aMargoni,$dIvos 801 0$aIT$bUniversità della Basilicata - B.I.A.$gREICAT$2unimarc 912 $a000037313 996 $aRebours$923828 997 $aUNIBAS BAS $aLETTERE CAT $aEXT017$b01$c20140709$lBAS01$h0852 FMT Z30 -1$lBAS01$LBAS01$mBOOK$1BASA1$APolo Storico-Umanistico$2DSLF$BCollezione DiSLF$3DF/E354$6946$5F946$820140709$f04$FPrestabile Didattica LEADER 00786nam2 22002413i 450 001 996319549403316 005 20200110123336.0 100 $a20051109d1973----km y1itay5003 ba 101 0 $aita 102 $aIT 200 1 $a<> Partito comunista italiano e la guerra di Liberazione 1943-1945$ericordi, documenti inediti e testimonianze$fPietro Secchia 210 $aMilano$cFeltrinelli$d1973 215 $aXLVI, 1142 p.$d25 cm 606 0 $aMovimenti di liberazione nazionale$2BNCF 676 $a940.5336 700 1$aSecchia$b, Pietro$0119681 801 0$aIT$bsalbc$gISBD 912 $a996319549403316 951 $a900 940.5336 SEC$b2325 DISES 959 $aBK 969 $aDISES 996 $aPartito comunista italiano e la guerra di Liberazione 1943-1945$9171356 997 $aUNISA